| 000 | 01946nam a2200517 i 4500 | ||
|---|---|---|---|
| 001 | 196058 | ||
| 003 | ES-MaACL | ||
| 005 | 20250429063012.0 | ||
| 008 | 240810s1998 sp | ||| ||spa | ||
| 016 | 7 |
_abimoBNE19981598890 _2SpMaBN |
|
| 016 | _aBNE19989939684 | ||
| 016 | _aBNE19990701457 | ||
| 016 | _aBNE19989886382 | ||
| 016 | _aBNE20002151234 | ||
| 016 | _aBNE19995649947 | ||
| 017 |
_aM 5686-1998 _bOficina Depósito Legal Madrid |
||
| 020 | _a8470304798 | ||
| 035 | _a(OCoLC)431949429 | ||
| 035 | _a(SpMaBN)bimo0000915040 | ||
| 035 | _a27591943-34bne_inst | ||
| 035 | _a27591944-34bne_inst | ||
| 035 | _a27591940-34bne_inst | ||
| 035 | _a27591941-34bne_inst | ||
| 035 | _a27591942-34bne_inst | ||
| 035 | _a991038946589708606 | ||
| 040 |
_aSpMaBN _bspa _cSpMaBN _erdc |
||
| 080 | _a946.0"1898"(081) Ortega y Gasset, José | ||
| 100 | 1 |
_aOrtega y Gasset, José, _d1883-1955 _987503 _eaut |
|
| 245 | 1 | 0 |
_aTextos sobre el 98 : _bantología política (1908-1914) / _cJosé Ortega y Gasset ; introducción de Vicente Cacho Viu ; selección de textos Andrés de Blas. |
| 260 |
_aMadrid : _bBiblioteca Nueva, _c[1998]. |
||
| 300 |
_a251 p. : _c22 cm. |
||
| 336 |
_2rdacontent _atexto |
||
| 337 |
_2rdamedia _asin mediación |
||
| 338 |
_2rdacarrier _avolumen |
||
| 490 | 1 |
_aCien años después, 98 ; _v9 |
|
| 651 | 4 |
_aEspaña- _xHistoria- _y1898 _2embne _98272 |
|
| 700 |
_aBlas Guerrero, Andrés de, _d1947- _9238071 _epbl |
||
| 700 | 1 |
_aCacho Viu, Vicente _933360 _eaui |
|
| 830 | 0 |
_9238070 _aCien años después, 98 ; _v9 |
|
| 852 |
_aES-MaACL _bR.153479 _cDEPOJ _jN-9185 _hDonación: Editorial _xEncuadernación cartoné con sobrecubierta _9205090 |
||
| 883 | 1 |
_aCotejo registros de fondos y signatura-ítem _d20220521 |
|
| 942 |
_cMONOGRAFIA _n0 |
||
| 999 |
_c196058 _d196058 |
||